Music Quiz

Random Music or Album Quiz
Score 0/72 Timer 15:00
3 Plays Today
Song Name(s) % Correct
Hey ____Jude
84.7%
___. _______’s Lonely
Hearts Club Band
Sgt. Pepper
84.2%
I Am The WalrusLucy
83.5%
____ in the
Sky with Diamonds
Lucy
83.5%
_____ RaccoonRocky
76.1%
Being For The
Benefit Of __. ____!
Mr. Kite
76%
Long Tall _____Uncle John
74.2%
_______'s Silver HammerMaxwell Edison
74.1%
For You BlueJohnny
72.9%
Glass OnionLady Madonna
70.5%
Lady _______Lady Madonna
70.4%
Roll Over _________Beethoven
68.4%
Dear ________Prudence
67.5%
Long Tall _____Sally
64.9%
E_____ _____Eleanor Rigby
64.2%
Mean __. _______Pam
63.3%
Polythene ___Pam
63.3%
Dizzy Miss ______Lizzy
62.1%
Get BackJoJo
61.3%
Let It BeMother Mary
60.9%
Sexy _____Sadie
60.7%
Get BackMo
60%
Lovely ____Rita
59.5%
Mean __. _______Mr. Mustard
57%
The Continuing Story of ________ ____Bungalow Bill
56.2%
Glass OnionPaul
55.2%
Ob-la-di, Ob-la-daDesmond Jones
52.1%
Ob-la-di, Ob-la-daMolly Jones
50.9%
______ My DearMartha
48.4%
Long Tall _____Aunt Mary
47.6%
Doctor ______Robert
47.4%
E_____ _____Father McKenzie
43.6%
Get BackLoretta Martin
42.2%
____ (Go To Him)Anna
41.4%
BoysGeorge
40.2%
Honey Don’tGeorge
40.2%
Song Name(s) % Correct
J____Julia
39.6%
RevolutionChairman Mao
39.4%
Honey Don’tRingo
38.1%
You Know My Name
(Look Up The Number)
Ringo
38.1%
M_______Michelle
37.4%
When I’m Sixty-FourDave
37.1%
___. _______’s Lonely
Hearts Club Band
Billy Shears
35.6%
When I’m Sixty-FourChuck
35.4%
Being For The
Benefit Of __. ____!
The Hendersons
34.3%
When I’m Sixty-FourVera
33.5%
_____ RaccoonNancy (Magil, Lil)
33.4%
_______'s Silver HammerJoan
30.2%
_____ RaccoonGideon
29.6%
Paperback WriterLear
28.6%
_____ RaccoonDan (Danny, Daniel)
27.8%
TaxmanMr. Wilson
23.7%
TaxmanMr. Heath
23.4%
_______'s Silver HammerValerie
22.7%
_______'s Silver HammerRose
21.6%
The Ballad of John and YokoPeter Brown
19.8%
Roll Over _________Tchaikovsky
19.3%
M_____ ___Maggie Mae
19.2%
Being For The
Benefit Of __. ____!
Pablo Fanque
18.4%
The Ballad of John and YokoChrist
17.5%
I Am The WalrusEdgar Allan Poe
17.3%
I'm So TiredSir Walter Raleigh
16.7%
Come TogetherOno
16.4%
For You BlueElmore James
15.6%
Dig ItDoris Day
12.3%
Dig ItBB King
12.2%
Yer BluesMr. Jones
11.9%
Yer BluesDylan
9.9%
The Continuing Story of ________ ____Captain Marvel
9.1%
Bad BoyJunior
9%
Dig ItMatt Busby
7.8%
You Know My Name
(Look Up The Number)
Denis O’Bell
5.3%

You're not logged in!

Compare scores with friends on all Sporcle quizzes.
OR
Log In

Sporcle TV

Today on Sporcle TV


Watch our educational content, quiz creation guides, and fun videos on Sporcle TV.

Show Comments

Extras

Top Quizzes Today


Score Distribution

Paid Content

Your Account Isn't Verified!

In order to create a playlist on Sporcle, you need to verify the email address you used during registration. Go to your Sporcle Settings to finish the process.

Report this User

Report this user for behavior that violates our Community Guidelines.

Details: